Vierges gothiques et de la première Renaissance : les vierges mères : textes médiévaux /
Saved in:
| Other Authors: | , |
|---|---|
| Format: | Book |
| Language: | French |
| Published: |
[La Pierre-qui-Vire] :
Zodiaque,
1975.
|
| Series: | Collection "Points cardinaux" ;
24. |
| Subjects: | |
| Tags: |
Add Tag
No Tags, Be the first to tag this record!
|
| LEADER | 00973cam a2200301 i 4500 | ||
|---|---|---|---|
| 001 | 005488290-7 | ||
| 005 | 20090712205434.0 | ||
| 008 | 760420s1975 fr a b 000 0 fre | ||
| 010 | |a 76459365 //r892 | ||
| 015 | |a F*** | ||
| 020 | |c 65.00F | ||
| 035 | 0 | |a ocm02203090 | |
| 040 | |a DLC |c DLC |d HFL | ||
| 041 | 1 | |a freund | |
| 050 | 0 | |a BT609 |b .V6 | |
| 082 | |a 232.91 | ||
| 245 | 0 | 0 | |a Vierges gothiques et de la première Renaissance : |b les vierges mères : textes médiévaux / |c traduits par É. de Solms et W. Witters. |
| 260 | |a [La Pierre-qui-Vire] : |b Zodiaque, |c 1975. | ||
| 300 | |a 197 p. : |b ill. (some col.) ; |c 26 cm. | ||
| 490 | 1 | |a Les Points cardinaux ; |v 24 | |
| 504 | |a Includes bibliographical references. | ||
| 600 | 0 | 0 | |a Mary, |c Blessed Virgin, Saint |v Art. |
| 600 | 0 | 0 | |a Mary, |c Blessed Virgin, Saint |v Poetry. |
| 700 | 1 | |a Solms, E. de |q (Elisabeth) | |
| 700 | 1 | |a Witters, W. | |
| 830 | 0 | |a Collection "Points cardinaux" ; |v 24. | |
| 988 | |a 20020608 | ||
| 906 | |0 DLC | ||


